000 00653nam a2200205Ii 4500
003 JO-AjNU
008 230605s9999||||xx |||||||||||||| ||und||
017 _a2007/5/1456
040 _aJO-AjNU
_bara
_erda
_cJO-AjNU
041 _aara
050 1 4 _aHF5548.8.H8734.2008
100 3 _aتأليف:حسين،فايز,
_eauthor
_931020
245 0 0 _aسيكولوجيا الادارة العامة
250 _aط1
264 3 1 _aعمان:دار اسامة للنشر والتوزيع؛2008
336 _atext
_btxt
_2rdacontent
337 _aunmediated
_bn
_2rdamedia
338 _avolume
_bnc
_2rdacarrier
650 4 _aالادارة العامة
_931021
999 _aA12362
_c15930
_d15930